| 000 | 01907nam a2200133Ia 4500 | ||
|---|---|---|---|
| 008 | 220615s9999||||xx |||||||||||||| ||und|| | ||
| 020 | _a9783040000000 | ||
| 245 | 0 | _aNanotechnology for Environmental and Biomedical Research | |
| 546 | _aEnglish[eng] | ||
| 650 | _alipid nanoparticles||cryo transmission electron microscopy||atomic force microscopy||bicelle||micelle||liposome||UO22+||salicyladazine||fluorescence||mesoporous silica||multifunctional nanoemulsions||targeted delivery||cancer||Trojan horse effect||B[a]P||nC60||co-exposure||mussels||DNA damage||proteomics||pitch||activated carbon fiber||evaporated fuel||hydrocarbon emissions||magnetic nanoparticles||human bone marrow-derived mesenchymal stem cells||membrane fluidity||focal adhesion||cytoskeletal abnormality||nanomaterials||organisms suitable for simple and rapid ecotoxicity testing SSRET||ecotoxicological test batteries||ecotoxicology||graphite powder||graphene oxide||reduced graphene oxide||Chenopodium album||anticancer||antimicrobial||sperm DNA damage||titanium dioxide nanoparticles||cadmium||oxidative stress||male infertility||cellulose-based nanosponges||zinc||seawater||ecotoxicity||effect-based approach||remediation||Chlorella vulgaris||silver nanoparticles||growth inhibition||chlorophyll-a content||morphological changes||bioaccumulation||crystalline structure||scanning electron microscopy||porosity||glass ionomer cement||cytotoxicity||TiO2 NPs||applications||wastewater treatment||agro-environment||exposure pathways||bacterial resistance||boar||microbiological analyses||nanoparticles||semen||nanostructured materials||sorption||organic dyes||nanocellulose||micronucleus||nuclear morphology alteration||cellular proliferation||zebra mussel (Dreissena polymorpha)||polysaccharide-based nanosponge||nanoremediation||n/a | ||
| 700 | _aFrenzilli, Giada | ||
| 856 | _uhttps://mdpi.com/books/pdfview/book/3757 | ||
| 942 | _cEB | ||
| 999 |
_c10815 _d10815 |
||